Geografía de la provincia de Salamanca - Estadísticas

Estadísticas generales
  • Esta prueba ha sido intentada 85 veces
    83 desde el último reinicio
  • La puntuación promedio es 8 de 20
Estadísticas de respuestas
Pregunta Respuesta % Correcto
¿Cuál de estos municipios es el único que NO alcanza los 10.000 habitantes? Villamayor
83%
¿Además de Salamanca, qué otro municipio cuenta con facultades adscritas a la Universidad de Salamanca? Béjar
80%
¿Cuál de estos ríos NO cruza la provincia de Salamanca? Río Bibey
68%
¿En qué montaña se encuentran el santuario y la imagen de la patrona de la provincia de Salamanca? Peña de Francia
67%
¿Qué municipio está en la lista de Los Pueblos Más Bonitos de España? Candelario
64%
¿Cuál de las siguientes comarcas salmantinas NO tiene frontera con Extremadura? Comarca de Guijuelo
55%
¿Cuál es el embalse con mayor capacidad de la provincia? Almendra
45%
¿Por cuál de estos municipios pasa el río Tormes? Puente del Congosto
39%
¿Cuál es el nombre de la única subcomarca salmantina donde se mantiene el habla leonesa? El Rebollar
38%
¿Cuál es el municipio más septentrional de Salamanca? Villarino de los Aires
33%
¿Cuál es el municipio más pequeño de la provincia por extensión? Las Casas del Conde
30%
¿Qué municipio NO entra en la delimitación del parque natural de las Arribes del Duero? Cerralbo
29%
¿Cuál de estos municipios NO pertenecía a la provincia de Salamanca antes de 1833? Rágama
29%
¿Cuál de los siguientes ríos NO actúa como frontera natural entre Salamanca y Portugal? Río Huebra
26%
¿Cuál es el municipio menos poblado de la provincia de Salamanca? Villasdardo
25%
¿Cuál de los siguientes municipios NO tiene frontera directa con el término municipal de Salamanca? Aldealengua
23%
¿Cuál es el pico más alto de la provincia? Canchal de la Ceja
23%
¿Cuál es la comarca salmantina conocida por su agricultura de regadío? Las Villas
22%
¿Cuál de estos municipios NO tiene un castro vetón? El Cabaco
20%
¿Cuál de las siguientes NO es una verdadera mancomunidad de municipios? Mancomunidad El Encinar
20%
No se encontraron pruebas coincidentes
Distribución de puntuación
Porcentaje de gente con cada puntuación
Porcentaje por número respondido
Historial de tus puntuaciones
No has intentado esta prueba desde el último reinicio